Le Marquis de Villemer. (Record no. 5811)

MARC details
000 -CABECERA
campo de control de longitud fija 00521nam a2200205 a 4500
001 - NÚMERO DE CONTROL
campo de control BRCA_6124
005 - FECHA Y HORA DE LA ÚLTIMA TRANSACCIÓN
campo de control 20190320205337.0
008 - DATOS DE LONGITUD FIJA--INFORMACIÓN GENERAL
campo de control de longitud fija 110412s1860----fr-#######---#000-0#fre-#
041 ## - CÓDIGO DE LENGUA
Código de lengua del texto/banda sonora o título independiente fre
044 ## - CÓDIGO DEL PAÍS DE LA ENTIDAD EDITORA/PRODUCTORA
Código MARC del país fr
050 #4 - SIGNATURA TOPOGRÁFICA DE LA BIBLIOTECA DEL CONGRESO
Número de clasificación PQ2409
Número de documento/Ítem .M5
-- 1860
245 10 - MENCIÓN DE TÍTULO
Título Le Marquis de Villemer.
Mención de responsabilidad, etc. George Sand.
260 ## - PUBLICACIÓN, DISTRIBUCIÓN, ETC.
Lugar de publicación, distribución, etc. París
Nombre del editor, distribuidor, etc. Calmann-Levy
Fecha de publicación, distribución, etc. 1860
300 ## - DESCRIPCIÓN FÍSICA
Extensión 379 p.
Dimensiones 18 cm.
500 ## - NOTA GENERAL
Nota general I29
650 14 - PUNTO DE ACCESO ADICIONAL DE MATERIA--TÉRMINO DE MATERIA
Término de materia o nombre geográfico como elemento de entrada Literatura francesa
Subdivisión de forma Novela
9 (RLIN) 15456
650 14 - PUNTO DE ACCESO ADICIONAL DE MATERIA--TÉRMINO DE MATERIA
Término de materia o nombre geográfico como elemento de entrada Sand, George.
Subdivisión cronológica 1804-1876.
9 (RLIN) 15457
902 ## - CATALOGADOR
Iniciales GFM
942 ## - ELEMENTOS DE PUNTO DE ACCESO ADICIONAL (KOHA)
Fuente del sistema de clasificación o colocación Library of Congress Classification
Tipo de ítem Koha Libros
Holdings
Estado de retiro Estado de pérdida Estado dañado No para préstamo Localización permanente Ubicación/localización actual Fecha de adquisición Número de inventario Total de préstamos Signatura topográfica completa Código de barras Fecha visto por última vez Precio válido a partir de Tipo de ítem Koha
El ejemplar forma parte de la colección y puede ser consultado según las políticas vigentes.       Biblioteca del Museo Franz Mayer (Rogerio Casas-Alatriste) Biblioteca del Museo Franz Mayer (Rogerio Casas-Alatriste) 04/07/2011 I29   PQ2409 .M5 1860 (I29) 6563 22/03/2019 22/03/2019 Libros